| 000 | 00900nam a2200193 a 4500 | ||
|---|---|---|---|
| 005 | 20240924065823.0 | ||
| 008 | 030922s1979 mx r 000 0 spa d | ||
| 035 | _aUPN01000129059 | ||
| 049 | _aCG | ||
| 050 | 4 |
_aLB1027 _bE77 |
|
| 245 | 0 | 0 |
_aEstudio de cambios e innovaciones en la educación técnica y la formación profesional en América Latina y el Caribe : _bUruguay / _cOficina Regional de Educación de la UNESCO para América Latina y el Caribe. |
| 260 |
_aSantiago de Chile : _bOficina Regional de Educación de la UNESCO para América Latina y el Caribe, _c1979. |
||
| 300 | _a81 p. | ||
| 650 | 4 |
_aEDUCACION - _xINNOVACIONES - _zAMERICA LATINA _97516 |
|
| 650 | 4 |
_aEDUCACION - _xINNOVACIONES - _zURUGUAY _916895 |
|
| 650 | 4 |
_aEnseñanza técnica _zAmérica Latina _920096 |
|
| 710 | 2 |
_aUNESCO. _bOficina Regional de Educación de la UNESCO para América Latina y el Caribe |
|
| 905 | _aLibro | ||
| 999 |
_c101232 _d101232 |
||